000 00628nam a2200193 a 4500
001 000022882
005 20200930021844.0
008 101122s1939 ch r 000 0 spa d
040 _aDO-SdBNP
_bspa
_cBNPHU
082 _a928.2
_bS545M
100 1 _aMaurois, André,
_d1885-1967
_96319
245 1 0 _aAriel o la vida de Shelley /
_cAndré Maurois ; traducción Luis Calvo Martínez.
260 _aSantiago, Chile :
_bMundo Nuevo,
_c1939.
300 _a182 p. ;
_c19 cm.
500 _aIncluye notas al pie de las páginas.
600 1 0 _aSHELLEY, MARY,
_d1797-1851
_94159
700 1 _aCalvo Martínez, Luis
_947030
049 _aBNGR
999 _c22379
_d22379